Tilastot visalle Top 10 Euroopan valtiot rantaviivan pituuden mukaan

Klikkaa tästä pelataksesi tätä visaa!

Yleistilastot

  • Tätä visaa on pelattu 2 571 kertaa
  • Keskiarvotulos 9 / 10

Vastaustilastot

KilometritValtio% Oikein
27 400Norja
98%
6 020Italia
95%
4 810Ranska
94%
6 520Ruotsi
94%
4 190Suomi
94%
9 480Kreikka
91%
12 100Yhdistynyt kuningaskunta
91%
20 200Venäjä
89%
5 100Tanska
82%
5 200Islanti
77%

Tulosjakauma

Persentiili vastausten määrän mukaan

Jokaisen tuloksen saaneiden osuus

Tuloshistoriasi

Et ole pelannut tätä visaa